000 00496nam a2200169 i 4500
001 113724
003 ES-MaACL
005 20230906190004.0
007 t|
008 061121q1926 sp |||| | spa d
100 1 _aNoguera López, Julio.
_985877
245 1 4 _aLos amigos del niño /
_cJulio Noguera López.
260 _a[s.l. :
_bs.n.,
_cca. 1926]
300 _a4 folios a máquina ;
_c30 cm.
650 0 4 _aEnseñanza primaria-
_zEspaña-
_y1931-1939.
_9166406
852 _aES-MaACL
_j1705-F-1
999 _c113724
_d113724